Na kanda prapancha. (Record no. 88855)

MARC details
000 -LEADER
fixed length control field 00542nam a2200193Ia 4500
003 - CONTROL NUMBER IDENTIFIER
control field OSt
005 - DATE AND TIME OF LATEST TRANSACTION
control field 20260422165202.0
008 - FIXED-LENGTH DATA ELEMENTS--GENERAL INFORMATION
fixed length control field 210210b1986 xxu||||| |||| 00| 0 eng d
040 ## - CATALOGING SOURCE
Transcribing agency AL
041 ## - LANGUAGE CODE
Language code of text/sound track or separate title Kannada
082 ## - DEWEY DECIMAL CLASSIFICATION NUMBER
Classification number 910.4K NAGN
100 ## - MAIN ENTRY--PERSONAL NAME
Personal name NAGEGAUDA (K L).
Dates associated with a name ನಾಗೇಗೌಡ (ಎಚ್ ಎಲ್)
9 (RLIN) 262332
245 ## - TITLE STATEMENT
Title Na kanda prapancha.
Remainder of title ನಾ ಕಂಡ ಪ್ರಪಂಚ
260 ## - PUBLICATION, DISTRIBUTION, ETC.
Place of publication, distribution, etc. Bengaluru
Name of publisher, distributor, etc. Sahitya Sadana Prakashana
Date of publication, distribution, etc. 1986
300 ## - PHYSICAL DESCRIPTION
Extent x,470
690 ## - LOCAL SUBJECT ADDED ENTRY--TOPICAL TERM (OCLC, RLIN)
Topical term or geographic name as entry element Travel
9 (RLIN) 262333
906 ## - LOCAL DATA ELEMENT F, LDF (RLIN)
a 038721
942 ## - ADDED ENTRY ELEMENTS (KOHA)
Source of classification or shelving scheme Dewey Decimal Classification
Koha item type Book
Holdings
Withdrawn status Lost status Damaged status Not for loan Collection code Home library Current library Shelving location Date acquired Cost, normal purchase price Total Checkouts Full call number Barcode Date last seen Price effective from Koha item type
          St Aloysius Library St Aloysius Library   02/17/2021 0.00   910.4K NAGN 038721 02/17/2021 02/17/2021 Book